| 000 | 00585nam a2200205 i 4500 | ||
|---|---|---|---|
| 001 | 125634 | ||
| 003 | ES-MaACL | ||
| 005 | 20230906192653.0 | ||
| 007 | t| | ||
| 008 | 070621s1958 sp ||||1| spa d | ||
| 100 | 1 |
_aZilahy, Lajos. _9118252 |
|
| 245 | 1 | 3 |
_aEl pájaro de fuego / _cpor Lajos Zilahy ; [traducción del húngaro por Andrés de Kramer]. |
| 260 |
_aBarcelona : _bG.P., _c1958. |
||
| 300 |
_a127 p. ; _c18 cm. |
||
| 490 | 1 | _aPlaza | |
| 700 | 1 |
_aKramer, Andrés de. _968724 |
|
| 830 | 0 |
_aPlaza _9181244 |
|
| 852 |
_aES-MaACL _jC-15259 _bR.42991 |
||
| 999 |
_c125634 _d125634 |
||